Le moyen âge /

محفوظ في:

المؤلف الرئيسي: Funck-Brentano, Frantz, 1862-1947 (مؤلف)

التنسيق: كتاب

اللغة: French

منشور في: Paris : Hachette, 1922.

سلاسل: L'Histoire de France racontée à tous.

الموضوعات:

الوسوم: إضافة وسم

لا توجد وسوم, كن أول من يضع وسما على هذه التسجيلة!

رقم الطلب: DC61 .F7 1922

LEADER 00761nam a2200265I 4500
001 6950
003 OSt
005 20251210134328.0
008 130303s1922 fr b 000 0 fre d
010 |a 23014545 
035 |a ocm06830371 
040 |c ARCE Library 
043 |a e-fr--- 
045 |a n8t1 
050 4 |a DC61 .F7 1922 
100 1 |a Funck-Brentano, Frantz,  |d 1862-1947,  |e author  |9 30361 
245 1 3 |a Le moyen âge /   |c par Frantz Funck-Brentano. 
264 1 |a Paris :  |b Hachette,  |c 1922. 
300 |a 2 pages ℓ., 516 pages ;  |c 22 cm. 
490 0 |a L'Histoire de France racontée à tous. 
504 |a Bibliographies at end of chapters. 
651 0 |a France  |x History  |y Medieval period, 987-1515. 
901 |a reviewed 
942 |c BK  |2 lcc 
999 |c 4595  |d 4595